Statistics for Who Scored The Goal? (Beşiktaş) European Matches

Click here to take the quiz!

General Stats

  • This quiz has been taken 3 times
  • The average score is 7 of 40

Answer Stats

MatchesScorers% Correct
Beşiktaş - Lugano
52' 2-0
Vincent Aboubakar
100%
Club Brugge - Beşiktaş
88' 1-1
Cenk Tosun
67%
Lugano - Beşiktaş
88' 0-2
Emrecan Terzi
67%
Beşiktaş - Lugano
38' 1-0
Vincent Aboubakar
67%
Dynamo Kyiv - Beşiktaş
40' 0-1
Vincent Aboubakar
67%
Tirana - Beşiktaş
56' 0-1
Daniel Amartey
33%
Beşiktaş - Neftchi Baku
36' 0-1
Emin Mahmudov
33%
Neftchi Baku - Beşiktaş
23' 0-2
Jackson Muleka
33%
Beşiktaş - Neftchi Baku
71' 2-1
Jackson Muleka
33%
Beşiktaş - Tirana
21' 1-0
Onur Bulut
33%
Neftchi Baku - Beşiktaş
62' 0-3
Salih Uçan
33%
Beşiktaş - Tirana
90+4' 3-1
Semih Kılıçsoy
33%
Beşiktaş - Bodo/Glimt
64' 1-2
Tayfur Bingöl
33%
Beşiktaş - Neftchi Baku
57' 1-1
Vincent Aboubakar
33%
Neftchi Baku - Beşiktaş
14' 0-1
Vincent Aboubakar
33%
Tirana - Beşiktaş
75' 0-2
Vincent Aboubakar
33%
Bodo/Glimt - Beşiktaş
28' 1-0
Albert Gronbaek
0%
Beşiktaş - Club Brugge
69' 0-5
Andreas Olsen
0%
Dynamo Kyiv - Beşiktaş
90+4' 2-3
Bakhtiyor Zainutdinov
0%
Bodo/Glimt - Beşiktaş
90+1' 3-1
Brede Moe (OG)
0%
Beşiktaş - Club Brugge
4' 0-1
Casper Nielsen
0%
Lugano - Beşiktaş
36' 0-1
Cenk Tosun
0%
Beşiktaş - Lugano
90' 2-3
Eric Bailly (OG)
0%
Beşiktaş - Bodo/Glimt
49' 0-2
Faris Moumbagna
0%
Bodo/Glimt - Beşiktaş
58' 2-0
Faris Moumbagna
0%
Beşiktaş - Bodo/Glimt
38' 0-1
Faris Moumbagna
0%
Club Brugge - Beşiktaş
77' 1-0
Hans Vanaken
0%
Beşiktaş - Lugano
81' 2-1
Ignacio Aliseda
0%
Beşiktaş - Tirana
42' 2-0
Jackson Muleka
0%
Beşiktaş - Tirana
83' 2-1
Kaina
0%
Neftchi Baku - Beşiktaş
79' 1-3
Keelan Lebon
0%
Dynamo Kyiv - Beşiktaş
60' 1-1
Mykola Shaparenko
0%
Dynamo Kyiv - Beşiktaş
65' 2-2
Nazar Voloshyn
0%
Dynamo Kyiv - Beşiktaş
63' 1-2
Omar Colley
0%
Beşiktaş - Club Brugge
50' 0-4
Raphael Onyedika
0%
Beşiktaş - Lugano
86' 2-2
Shkelqim Vladi
0%
Beşiktaş - Club Brugge
14' 0-2
Thiago
0%
Beşiktaş - Club Brugge
46' 0-3
Thiago
0%
Bodo/Glimt - Beşiktaş
87' 3-0
Ulrik Saltnes
0%
Beşiktaş - Dynamo Kyiv
52' 1-0
Vincent Aboubakar
0%

Score Distribution

Percentile by Number Answered

Percent of People with Each Score

Your Score History

You have not taken this quiz